000 002680000a22000970004500
100 1 _aWright, David F.
245 1 0 _aEvangelism, church and theology
300 _aVol. 8, Num. 2 (1990), Páginas 73-75
773 0 _tScottish Bulletin of Evangelical Theology
942 _cANA
999 _c55678
_d55678